MARC

LEADER 00000nam0a2200000 4500
001 118429
005 20231101215454.0
035 |a (RuTPU)RU\TPU\book\128151 
090 |a 118429 
100 |a 20070611d1980 km y0rusy50 ca 
101 0 |a rus 
102 |a BY 
105 |a a z 001zy 
200 1 |a Геологические исследования земной коры Белоруссии  |e сборник  |f Академия наук Белорусской ССР, Институт геохимии и геофизики 
210 |a Минск  |c Наука и техника  |d 1980 
215 |a 134 с.  |c ил. 
320 |a Библиография в конце статей 
606 1 |a Земная кора  |x Исследование  |2 stltpush  |3 (RuTPU)RU\TPU\subj\11782  |9 38680 
610 1 |a осадочные отложения 
610 1 |a литология 
610 1 |a геохимия 
610 1 |a антропоген 
610 1 |a геология 
610 1 |a стратиграфия 
610 1 |a подземные воды 
610 1 |a гидрогеология 
610 1 |a рациональное природопользование 
610 1 |a изучение 
610 1 |a исследования 
610 1 |a лабораторные методы 
675 |a 551.1  |v 4 
712 0 2 |a Академия наук Белорусской ССР  |b Институт геохимии и геофизики  |2 stltpush  |3 (RuTPU)RU\TPU\col\11735  |9 25243 
801 1 |a RU  |b 63413507  |c 20070611  |g PSBO 
801 2 |a RU  |b 63413507  |c 20210427  |g PSBO 
942 |c BK